000 00316nam a22001337a 4500
008 170606b xxu||||| |||| 00| 0 eng d
020 _a9780791427903
041 _aeng
080 _a327
100 _a18
101 _aSHH
245 _aENVIRONMENTAL ACTIVISM AND WORLD CIVIC POLITICS
_cWAPNER, P
942 _2udc
_cBK
999 _c16065
_d16065